LIBRARY & INFORMATION CENTRE, KCAET, TAVANUR

ONLINE PUBLIC ACCESS CATALOGUE (OPAC)

Strength of materials (Record no. 74)

MARC details
000 -LEADER
fixed length control field 00574cam a2200253ua 4500
041 ## - LANGUAGE CODE
Language code of text/sound track or separate title eng
082 ## - DEWEY DECIMAL CLASSIFICATION NUMBER
Classification number 624.17
Item number RAM/ST
100 ## - MAIN ENTRY--AUTHOR NAME
Personal name Ramamrutham, S .
245 ## - TITLE STATEMENT
Title Strength of materials
250 ## - EDITION STATEMENT
Edition statement 11 /
260 ## - PUBLICATION, DISTRIBUTION, ETC. (IMPRINT)
Place of publication New Delhi :
Name of publisher Dhanpat Rai Publishing Co. Pvt. Ltd. ,
Year of publication 1997.
300 ## - PHYSICAL DESCRIPTION
Number of Pages 1242 ; .
500 ## - GENERAL NOTE
General note 18251-52 scheme
700 1# - ADDED ENTRY--PERSONAL NAME
Personal name Narayan, R .
942 ## - ADDED ENTRY ELEMENTS (KOHA)
Koha item type Books
003 - CONTROL NUMBER IDENTIFIER
control field @
003 - CONTROL NUMBER IDENTIFIER
control field OSt
Holdings
Withdrawn status Lost status Damaged status Home library Current library Shelving location Date acquired Full call number Accession Number Koha item type
      KAUAET KAUAET Binding Shelf 07/04/2012 624.17 19287 Books
      KAUAET KAUAET Binding Shelf 07/04/2012 624.17 18251 Book Bank scheme for SC students
Withdrawn     KAUAET KAUAET   07/04/2012 624.17 18252 Book Bank scheme for SC students
free website counter